00642 a2200193 4500260001000000630009900010650002800109100002000137260003400157300001100191245015100202650001500353260000900368300001000377100000700387440002500394037001100419020001800430 aParis a65 - Gestion et organisation de lindustrie, du commerce, de la communication et des transports a6 - SCIENCES APPLIQUEES aAnsoff, H. Igor bLes éditions d'organisation a287 p. aStratégie du développement de l'entreprise : une approche méthodologique du management stratégique dans le dernier quart du XXè siècle aManagement c1989 b21 cm lFr aLes classiques E. O. aDE5311 a2-7081-1028-4